Detskaja enciklopedija dlja srednego i staršego vozrasta Tom 5 Technika o proizvodstvo

Bibliographic Details
Corporate Author: Akademija pedagogičeskich nauk SSSR
Other Authors: Anochin, V. V. (Illustrator)
Format: Book
Language:Russian
PhysicalDescription:527,[1] s. 30 cm
Published: Moskva Pedagogika 1974
Edition:3. izd.
Subjects:

MARC

LEADER 00000cam a2200000 a 4500
001 vtls009736464
003 SK-MaSNL
005 20260301171505.0
008 210928s1974 ru ao 001 0 rus
040 |a SNK  |b slo  |c SNK  |e AACR2 
041 0 |a rus 
044 |a ru  |c RU 
080 |a 62(031)  |2 1981 
080 |a 087.5  |2 1981 
245 0 0 |a Detskaja enciklopedija dlja srednego i staršego vozrasta  |n Tom 5  |p Technika o proizvodstvo  |c ill. V. V. Anochin ... [i dr.] 
246 3 0 |a Technika i prozvodstvo 
250 |a 3. izd. 
260 |a Moskva  |b Pedagogika  |c 1974 
300 |a 527,[1] s.  |c 30 cm 
366 |e 520 000 exemplárov 
500 |a Viazaná 
504 |a Obsahuje vysvetl. a registre 
650 0 7 |a technika  |2 SNKPH  |9 671 
655 7 |a encyklopédie  |2 SNKPH  |9 28776 
700 1 |a Anochin, V. V.  |4 ill  |9 539253 
710 2 |a Akademija pedagogičeskich nauk SSSR  |9 408187 
852 |a Slovenská národná knižnica v Martine 
958 |a OND 
958 |a RU 
958 |a NB 
999 |c 830983  |d 832913 
952 |a SNK  |b SNK  |y VYP  |7 0  |p 17A1189443  |o snkIB 27916/5  |i snkV 3305/74  |8 2  |0 0  |1 0  |4 0  |d 2018-03-05  |l 0  |r 2026-02-24 03:37:27  |w 2026-02-24